Rethinking postmodern maladies /
שמור ב:
| מחבר ראשי: | |
|---|---|
| פורמט: | Texto |
| תגים: |
הוספת תג
אין תגיות, היה/י הראשונ/ה לתייג את הרשומה!
|
MARC
| LEADER | 00000 a a2200000 04500 | ||
|---|---|---|---|
| 001 | 48711 | ||
| 003 | |||
| 040 | |||
| 100 | |a Clayton, Belinda | ||
| 245 | |a Rethinking postmodern maladies / |c Belinda Clayton | ||
| 773 | |g volumen 50, número 6, (2002), páginas 839-851 | ||
| 999 | |c 39207 |d 39207 | ||
